Complementary variational principles.

Salvato in:
Dettagli Bibliografici
Autore principale: Arthurs, A. M.
Natura: Libro
Lingua:English
Pubblicazione: Oxford : Clarendon Press, 1970.
Serie:Oxford mathematical monographs
Soggetti:
LEADER 00847nam a2200241 i 4500
001 c000305723
003 CARM
005 00000000000000.0
008 840313s1970 enk 0 eng d
019 1 |a 392030  |z 57992812  |5 LACONCORD2021 
035 |a (OCoLC)106382  |5 LACONCORD2021 
082 0 4 |a 517.4 
100 1 |a Arthurs, A. M. 
245 1 0 |a Complementary variational principles. 
260 |a Oxford :  |b Clarendon Press,  |c 1970. 
300 |a 95 p. 
490 0 |a Oxford mathematical monographs 
500 |a Bibliography: p. [89]-91. 
650 0 |a Calculus of variations. 
650 0 |a Boundary value problems. 
852 8 |b CARM  |h A1:AQ02G0  |i B10614  |p 0514019  |f BK 
999 f f |i aa772788-531a-5260-babf-a887ead4d5e0  |s 54a6e537-8146-593a-b419-6dd3fec70081 
952 f f |p Can circulate  |a CAVAL  |b CAVAL  |c CAVAL  |d CARM 1 Store  |e B10614  |f A1:AQ02G0  |h Other scheme  |i book  |m 0514019